000 00498cam a2200145 4500500
005 20260201165228.0
041 _afre
042 _adc
100 1 0 _aKaplanian, Patrick
_eauthor
245 0 0 _aGiulia Sissa, L’Âme est un corps de femme, Paris, Éditions Odile Jacob, 2000, 224 p.
260 _c2003.
500 _a82
786 0 _nL'Homme | 165 | 1 | 2003-03-01 | p. 309q-348q | 0439-4216
856 4 1 _uhttps://shs.cairn.info/revue-l-homme-2003-1-page-309q?lang=fr&redirect-ssocas=7080
999 _c1643301
_d1643301